NFL 2024-25 season record - Statistics

General Stats
  • This quiz has been taken 77 times
  • The average score is 11 of 32
Answer Stats
Hint Answer % Correct
15-3 NFC Detroit Lions
96%
14-4 NFC Minnesota Vikings
76%
3-14 AFC Tennessee Titans
69%
18-3 NFC Philadelphia Eagles
58%
10-8 AFC Pittsburgh Steelers
55%
11-7 AFC Los Angeles Chargers
53%
17-3 AFC Kansas City Chiefs
51%
14-5 NFC Washington Commanders
51%
11-7 NFC Green Bay Packers
47%
8-9 AFC Indianapolis Colts
42%
15-5 AFC Buffalo Bills
38%
13-5 AFC Baltimore Ravens
35%
3-14 NFC New York Giants
29%
10-8 AFC Denver Broncos
27%
5-12 NFC Chicago Bears
25%
7-10 NFC Dallas Cowboys
25%
10-8 NFC Tampa Bay Buccaneers
25%
9-8 AFC Cincinnati Bengals
24%
8-9 NFC Arizona Cardinals
22%
4-13 AFC Jacksonville Jaguars
22%
11-8 NFC Los Angeles Rams
22%
10-7 NFC Seattle Seahawks
22%
8-9 NFC Atlanta Falcons
20%
3-14 AFC Cleveland Browns
20%
10-8 AFC Houston Texans
20%
6-11 NFC San Francisco 49ers
20%
5-12 NFC Carolina Panthers
18%
8-9 AFC Miami Dolphins
16%
5-12 AFC New York Jets
16%
4-13 AFC New England Patriots
15%
5-12 NFC New Orleans Saints
13%
4-13 AFC Los Vegas Raiders
2%
No matching quizzes found
Score Distribution
Percent of People with Each Score
Percentile by Number Answered
Your Score History
You have not taken this quiz